Cities research center 2014 Global 300 (Record no. 115309)
[ view plain ]
| 000 -LEADER | |
|---|---|
| fixed length control field | 01336cam a22002295a 4500 |
| 001 - CONTROL NUMBER | |
| control field | L158444 |
| 008 - FIXED-LENGTH DATA ELEMENTS--GENERAL INFORMATION | |
| fixed length control field | 150226s2015 xxk f 000 0 eng d |
| 035 ## - SYSTEM CONTROL NUMBER | |
| System control number | (Sirsi) u158444 |
| 041 0# - LANGUAGE CODE | |
| Language code of text/sound track or separate title | eng |
| 110 2# - MAIN ENTRY--CORPORATE NAME | |
| Corporate name or jurisdiction name as entry element | Jones Lang LaSalle |
| 9 (RLIN) | 3755 |
| 245 00 - TITLE STATEMENT | |
| Title | Cities research center 2014 Global 300 |
| Remainder of title | The new commercial geography of cities |
| Medium | [electronic resource] |
| 260 ## - PUBLICATION, DISTRIBUTION, ETC. | |
| Place of publication, distribution, etc. | Chicago |
| Name of publisher, distributor, etc. | JLL |
| Date of publication, distribution, etc. | 2015 |
| 520 ## - SUMMARY, ETC. | |
| Summary, etc. | Outlines the criteria and process for the selection of the 300 cities based on an Index of Commercial Attraction measuring a city's economic and real estate power and status using factors such as investment volumes and real estate stock as well as socio-economic factors and business indicators. Breaks the centres down into three main categories with the top 4 Super-Cities Tokyo, London New York and Paris dominating the real estate market, mature ones such as Sydney, Toronto, Washington DC and Frankfurt and emerging ones such as Seoul, San Paulo and Mumbai. The City Comparison Toolkit allows the user to compare cities with each other. |
| 590 ## - LOCAL NOTE (RLIN) | |
| Local note | KA |
| 650 24 - SUBJECT ADDED ENTRY--TOPICAL TERM | |
| Topical term or geographic name entry element | CITIES |
| 650 24 - SUBJECT ADDED ENTRY--TOPICAL TERM | |
| Topical term or geographic name entry element | INVESTMENT |
| 650 24 - SUBJECT ADDED ENTRY--TOPICAL TERM | |
| Topical term or geographic name entry element | RANKINGS |
| 651 #4 - SUBJECT ADDED ENTRY--GEOGRAPHIC NAME | |
| Geographic name | International |
| 690 ## - LOCAL SUBJECT ADDED ENTRY--TOPICAL TERM (OCLC, RLIN) | |
| Topical term or geographic name as entry element | Commercial property |
| 9 (RLIN) | 6227 |
| 856 40 - ELECTRONIC LOCATION AND ACCESS | |
| Uniform Resource Identifier | <a href="https://www.jll.com/research/127/Jll-global300-cities">https://www.jll.com/research/127/Jll-global300-cities</a> |
| Public note | View the item free of charge from www.jll.com |
| 942 ## - ADDED ENTRY ELEMENTS (KOHA) | |
| Suppress in OPAC | 0 |
| Withdrawn status | Lost status | Source of classification or shelving scheme | Damaged status | Not for loan | Home library | Current library | Shelving location | Date acquired | Total Checkouts | Full call number | Barcode | Date last seen | Copy number | Price effective from | Koha item type |
|---|---|---|---|---|---|---|---|---|---|---|---|---|---|---|---|
| Dewey Decimal Classification | Virtual | Virtual | Online | 26/02/2015 | ONLINE PUBLICATION | 158444-2001 | 06/08/2019 | 1 | 06/08/2019 | Book |